Hot topics : (Record no. 67854)

MARC details
000 -LEADER
fixed length control field 00680nam a22001817a 4500
005 - DATE AND TIME OF LATEST TRANSACTION
control field 20120613122610.0
020 ## - INTERNATIONAL STANDARD BOOK NUMBER
International Standard Book Number 0195655559
Terms of availability Rs. 225.00 (pbk)
035 ## - SYSTEM CONTROL NUMBER
System control number B-29821
037 ## - SOURCE OF ACQUISITION
Stock number DPL
Source of stock number/acquisition ENG
100 ## - MAIN ENTRY--PERSONAL NAME
Personal name Abbasi, S.A
245 ## - TITLE STATEMENT
Title Hot topics :
Remainder of title Everyday environmental concerns /
Statement of responsibility, etc by S.A. Abbasi, P. Krishnakumari and F.I. Khan
260 ## - PUBLICATION, DISTRIBUTION, ETC. (IMPRINT)
Place of publication, distribution, etc New Delhi
Name of publisher, distributor, etc Oxford University Press
Date of publication, distribution, etc 2000
300 ## - PHYSICAL DESCRIPTION
Extent xvii, 208p.
Dimensions 18 cms.
700 ## - ADDED ENTRY--PERSONAL NAME
Personal name Krishnakumari, P.
9 (RLIN) 48941
700 ## - ADDED ENTRY--PERSONAL NAME
Personal name Khan, F.I.
9 (RLIN) 48942
942 ## - ADDED ENTRY ELEMENTS (KOHA)
Source of classification or shelving scheme Dewey Decimal Classification
Item type English Books
Classification part 363.7
Call number suffix ABB
Holdings
Withdrawn status Lost status Not for loan Collection code Home library Current library Date acquired Cost, normal purchase price Full call number Barcode Cost, replacement price Koha item type
      Non-fiction Sarojini Nagar Sarojini Nagar 13/06/2012 225.00 363.7 ABB B-29821 225.00 English Books

© Delhi Public Library
Hit Counter
free hit counter